BattleBots Competitors - Statistics

General Stats
  • This quiz has been taken 36 times
  • The average score is 36 of 65
Answer Stats
Team Captain Main Weapon(s) Answer % Correct
Ray Billings Spinner Tombstone
100%
Jake Ewert Flipper Hydra
97%
Jamison Go Saw SawBlaze
91%
Hal Rucker Spike / Lifter DUCK!
88%
Paul Ventimiglia Spinner / Grappler / Lifting Forks Bite Force
84%
Al Kindle Hammer Blacksmith
84%
Gary Gin Forklift / Lifter / Spinner Free Shipping
84%
John Mladenik Full-Body Spinner GigaByte
84%
Marco Meggliaro Drum Spinner Minotaur
84%
Andrea Gellatli Spinner Witch Doctor
84%
Xander Rose Flipper Bronco
81%
Will Bales Spinner HyperShock
81%
Victor Soto Dual Spinners RotatoЯ
81%
Brian Nave / Nick Nave Full-Body Spinner Captain Shrederator
78%
Jonathan Schultz Spinner HUGE
78%
Luke Ewert Spinner Son of Whyachi
75%
Jeff Vasquez Spinner / Lifter Whiplash
75%
Greg Gibson Drum Spinner Yeti
75%
John Reid Hammer BETA
72%
Donald Hutson Spinner / Lifting Forks Lock-Jaw
72%
Leanne Cushing Spinner Valkyrie
72%
Matt Spurk Crusher Kraken
69%
Jack Barker Spinner End Game
66%
Charles Guan Crusher / Lifting Forks Overhaul
66%
David Jin Spinner Ribbot
66%
Alex Hattori Spinner Uppercut
66%
João Marcos Eggbeater Black Dragon
63%
Evan Woolsey / Bryce Woolsey Cannon Double Jeopardy
63%
Zach Lytle Saw Skorpios
63%
Aren Hill Spinner / Flipper / Lifter Tantrum
63%
Zoe Stephenson Axe / Crusher Chomp
59%
Ricky Willems Rotating Lifter Arm Mammoth
59%
Adam Wrigley Axe Shatter!
59%
Michael Jeffries Spinner / Axe Bombshell
56%
Brandon Zalinsky Front-Hinge Flipper P1
56%
Clint Ewert Spinner / Flipper Warrior Clan
56%
Dave Moulds Spinner Cobalt
53%
Dustin Esswein Spinner Deep Six
53%
James Cooper Crusher Quantum
53%
Tom Brewster Spinner Monsoon
50%
Ace Shelander Clusterbot (Spinner) Gemini
47%
Marc DeVits Spinner IceWave
47%
Adam Bercu Spinner Brutus
41%
Mark Demers Flipper LUCKY!
41%
Max Bales Crusher Mohawk
41%
Ian Watts Clusterbot (Spinner / Wedge / Saw) The Four Horsemen
41%
Mischa de Graff Crusher Petunia
38%
Jerome Miles / Ravi Baboolal Saw / Plow Red Devil
38%
Jeremy Clarkin Flipper SubZero
34%
Rob Farrow Spinner WAR Hawk
31%
Steven Martin Spinner DeathRoll
28%
Christian Carlberg Spinner Mecha Rampage
28%
Christian Carlberg Spinner / Lifter OverDrive
28%
Joe Fabiani Spinner SMEEEEEEEEEEEEE
28%
Jack Tweedy Lifter Vanquish
25%
Warrior Dragon
25%
Ant Pritchard Axe Radioactive
22%
Tim Bouwens Drum Spinner Reality
19%
Terry Ewert Spinner Whyachi
19%
Zak Hannasein Drum Spinner Deviled Egg
16%
Matt Maxham Lifting Forks Stinger: The Killer Bee
16%
Simon Scott Spinner / Grappler Warhead
16%
Curtis Lemeth Crusher / Lifter Gamma 9
13%
Kevin Lung Dual Spinners Double Dutch
9%
Ravi Baboolal Lifter / Grabber Lycan
9%
No matching quizzes found
Score Distribution
Percent of People with Each Score
Percentile by Number Answered
Your Score History
You have not taken this quiz